TENWEK HOSP HOME | SOC  | ASK A LIBRARIANSTAFF LOGIN  |  DIGITAL REPOSITORYe-BOOK PORTAL  |  OFF-CAMPUS PORTAL  |  DONATE

Life application study Bible : (Record no. 1503)

MARC details
000 -LEADER
fixed length control field 00944cam a2200265 a 4500
001 - CONTROL NUMBER
control field 3997907
003 - CONTROL NUMBER IDENTIFIER
control field Ke-BoTe
005 - DATE AND TIME OF LATEST TRANSACTION
control field 20220223152450.0
008 - FIXED-LENGTH DATA ELEMENTS--GENERAL INFORMATION
fixed length control field 960426s1996 iluab 001 0 eng
010 ## - LIBRARY OF CONGRESS CONTROL NUMBER
LC control number 96020350
020 ## - INTERNATIONAL STANDARD BOOK NUMBER
International Standard Book Number 0842332677 (alk. paper)
020 ## - INTERNATIONAL STANDARD BOOK NUMBER
International Standard Book Number 0842333002 (hardcover indexed)
040 ## - CATALOGING SOURCE
Original cataloging agency DLC
Transcribing agency DLC
Modifying agency DLC
050 00 - LIBRARY OF CONGRESS CALL NUMBER
Classification number BS195
Item number .N394 1996b
082 00 - DEWEY DECIMAL CLASSIFICATION NUMBER
Classification number 220.5/208
Edition number 20
130 0# - MAIN ENTRY--UNIFORM TITLE
Uniform title Bible.
Language of a work English.
Version New Living Translation.
Date of a work 1996.
9 (RLIN) 2898
245 10 - TITLE STATEMENT
Title Life application study Bible :
Remainder of title New Living Translation.
260 ## - PUBLICATION, DISTRIBUTION, ETC.
Place of publication, distribution, etc. Wheaton, Ill. :
Name of publisher, distributor, etc. Tyndale House Publishers,
Date of publication, distribution, etc. c1996.
300 ## - PHYSICAL DESCRIPTION
Extent 2416 p. :
Other physical details ill., maps (some col.) ;
Dimensions 25 cm.
500 ## - GENERAL NOTE
General note Includes indexes.
710 2# - ADDED ENTRY--CORPORATE NAME
Corporate name or jurisdiction name as entry element Tyndale House Publishers.
9 (RLIN) 1694
906 ## - LOCAL DATA ELEMENT F, LDF (RLIN)
a 7
b cbc
c orignew
d 1
e ocip
f 19
g y-gencatlg
942 ## - ADDED ENTRY ELEMENTS (KOHA)
Source of classification or shelving scheme Library of Congress Classification
Koha item type Books
Suppress in OPAC No
Holdings
Withdrawn status Lost status Source of classification or shelving scheme Damaged status Not for loan Collection code Home library Current library Shelving location Date acquired Total Checkouts Full call number Barcode Date last seen Price effective from Koha item type
    Library of Congress Classification   Not For Loan Non-fiction SCHOOL OF CHAPLAINCY SCHOOL OF CHAPLAINCY Reference 23.02.2022   BS195.N394 1996 2602232022 23.02.2022 23.02.2022 Books